| 000 | 00706cam a2200265 4500 | ||
|---|---|---|---|
| 008 | 090401t1990 xxu||||| |||| 00| 0 eng d | ||
| 020 | _a0947763457 | ||
| 035 | _a(Sirsi) u60874 | ||
| 041 | _aeng | ||
| 050 |
_a346.41042 _c21 |
||
| 100 | _aOpacic, Sofija | ||
| 245 | _aCommonhold : is the cure worse than the complaint? | ||
| 260 |
_aReading _bCollege of Estate Management _c1990 |
||
| 300 | _a26p. ; 30cm. | ||
| 350 | _a0 | ||
| 490 |
_aCollege of Estate Management Research Paper _v90/03 |
||
| 650 | _aCONDOMINIUMS | ||
| 650 | _aFLATS | ||
| 650 | _aLEASEHOLD FLATS | ||
| 700 | _aRivers, Sue | ||
| 700 | _aWiggins, Karl | ||
| 700 | _aMarlow, Spencer | ||
| 942 | _n0 | ||
| 948 | _c04/03/1997 | ||
| 999 |
_c94260 _d94260 |
||